Cybernetics, simulation, and conflict resolution; proceedings of the third annual symposium of the American Society for Cybernetics.
שמור ב:
| מחברים אחרים: | , , |
|---|---|
| פורמט: | ספר |
| שפה: | English |
| יצא לאור: |
New York, Spartan Books
[1971]
|
| נושאים: | |
| תגים: |
הוספת תג
אין תגיות, היה/י הראשונ/ה לתייג את הרשומה!
|
MARC
| LEADER | 00000nam a2200000Ia 4500 | ||
|---|---|---|---|
| 003 | 000786 | ||
| 005 | 20221231143935.0 | ||
| 008 | 140114s1971 nyua 000 ||eng d | ||
| 020 | |a 0876711654 | ||
| 040 | |c cru CEDI | ||
| 082 | |a 001.53 C994c | ||
| 245 | |a Cybernetics, simulation, and conflict resolution; proceedings of the third annual symposium of the American Society for Cybernetics. | ||
| 260 | |a New York, Spartan Books |c [1971] | ||
| 300 | |a xxi, 249 páginas , ilustraciones. 25 cm. | ||
| 650 | |x CIBERNETICA |9 20632 | ||
| 700 | |a Knight, Douglas E |d Editor(a) |9 20629 | ||
| 700 | |a Fogel, Lawrence J. |d Editor(a) |9 20631 | ||
| 700 | |a Curtis, Huntington W., 1921- |d Editor(a) |9 20630 | ||
| 942 | |2 ddc |c BK | ||
| 999 | |c 14541 |d 14541 | ||



